Akron Basketball: Leading Scorer Every Year - Statistics

General Stats
  • This quiz has been taken 10 times
    3 since last reset
  • The average score is 17 of 46
Answer Stats
Year Player Average % Correct
2023-2024 Enrique Freeman 18.6
100%
1990-1991 Pete Freeman 15.4
100%
2015-2016 Isaiah Johnson 13.6
67%
2016-2017 Isaiah Johnson 16.6
67%
2021-2022 Ali Ali 13.9
33%
1989-1990 Anthony Buford 19.8
33%
2008-2009 Brett McKnight 11.2
33%
1984-1985 Bryan Roth 15.1
33%
2017-2018 Daniel Utomi 16.7
33%
2018-2019 Daniel Utomi 14.2
33%
2004-2005 Darryl Peterson 12.9
33%
2013-2014 Demetrius Treadwell 15.2
33%
2002-2003 Derrick Tarver 20.6
33%
2003-2004 Derrick Tarver 22.7
33%
1987-1988 Eric McLaughlin 18.1
33%
1988-1989 Eric McLaughlin 22.5
33%
1948-1949 Henry Vaughn 12.7
33%
1949-1950 Henry Vaughn 16.7
33%
1997-1998 Jami Bosley 16.3
33%
1998-1999 Jami Bosley 18.6
33%
1999-2000 Jami Bosley 16.2
33%
2007-2008 Jeremiah Wood 14.1
33%
1996-1997 Jimmal Ball 17.1
33%
2009-2010 Jimmy Conyers 10.1
33%
1981-1982 Joe Jakubick 22.8
33%
1982-1983 Joe Jakubick 28.5
33%
1983-1984 Joe Jakubick 30.1
33%
1995-1996 Kenny Woseley 10.9
33%
2019-2020 Loren Jackson 19.8
33%
2020-2021 Loren Jackson 22.3
33%
1985-1986 Marcel Boyce 17.5
33%
1986-1987 Marcel Boyce 20.0
33%
1992-1993 Mark Alberts 17.1
33%
2000-2001 Nate Schindewolf 14.6
33%
2010-2011 Nikola Cvetinovic 11.7
33%
2014-2015 Pat Forsythe 10.0
33%
2001-2002 Rashon Brown 16.7
33%
2005-2006 Romeo Travis 13.8
33%
2006-2007 Romeo Travis 14.9
33%
1991-1992 Roy Coleman 18.4
33%
1993-1994 Torrey Kershaw 11.4
33%
1994-1995 Tron Jenkins 15.5
33%
1980-1981 Wendell Bates 14.7
33%
2022-2023 Xavier Castaneda 21.7
33%
2011-2012 Zeke Marshall 10.4
33%
2012-2013 Zeke Marshall 13.0
33%
No matching quizzes found
Score Distribution
Percent of People with Each Score
Percentile by Number Answered
Your Score History
You have not taken this quiz since the last reset